LDR 00897naa#a2200181#i#450# 001 RU\RIOR\bibl\125795 005 20260629132509.1 011 ## _a2409-6024 100 ## _a20260530b2026####ek#y0rusy0150####ca 102 ## _aRU 200 1# _aПРОТИВОДЕЙСТВИЕ КИБЕРМОШЕННИЧЕСТВУ КАК ФАКТОР ОБЕСПЕЧЕНИЯ ЭКОНОМИЧЕСКОЙ БЕЗОПАСНОСТИ БАНКОВСКОГО СЕКТОРА _eЖурнальная статья 210 1# _aМосква _cООО "Издательский Центр РИОР" _d2026 215 ## _a15 с. 608 ## _aЖурнальная статья _2local 675 ## _aРегиональная экономика. Территориальная экономика. 332.1 _z 700 #1 _aСуглобов _gАлександр Евгеньевич 700 #1 _aМинаков _gАндрей Владимирович 856 4# _ariorpub.com _u